00864cam a2200253 i 450000100060000000300080000600500170001400800410003103500230007203500190009503500170011404000510013104100080018208200180019010000450020824501480025326000560040130000250045750400490048250400200053165000160055165000300056765000130059729555BD-RjUL20211209051427.0140403r19491948enk b 001 0 eng c a(OCoLC)ocm02228220 a(BD-RjUL)29640 a(NNC)1537806 aMinnesota. Univ. Libr.cGUAdGUAdBD-RjULbeng aeng a150bNIN 19491 aNicole, J. Ernestq(John Ernest),d1894-10aNormal and abnormal psychology :ba precis for junior students, nurses, occupational therapists, welfare workers and others /cJ. Ernest Nicole aLondon :bG. Allen & Unwin,c1948.[impression 1949] aviii, 96 p. ;c22cm. a"Suggestions for further reading": p. 89-90. aIncludes index. 0aPsychology. 0aPsychology, Pathological. 0aNursing.